Engineering statistics (Record no. 80296)
[ view plain ]
| 000 -LEADER | |
|---|---|
| fixed length control field | 00568nam a2200205Ia 4500 |
| 001 - CONTROL NUMBER | |
| control field | 69817 |
| 008 - FIXED-LENGTH DATA ELEMENTS--GENERAL INFORMATION | |
| fixed length control field | 151205s9999||||xx |||||||||||||| ||und|| |
| 020 ## - INTERNATIONAL STANDARD BOOK NUMBER | |
| International Standard Book Number | 9788126542635 |
| 040 ## - CATALOGING SOURCE | |
| Transcribing agency | PK-LaUMT |
| 082 ## - DEWEY DECIMAL CLASSIFICATION NUMBER | |
| Classification number | 519.502462 |
| Item number | MON-E |
| 100 ## - MAIN ENTRY--PERSONAL NAME | |
| Personal name | Montgomery, Douglas C. |
| 245 ## - TITLE STATEMENT | |
| Title | Engineering statistics |
| Statement of responsibility, etc | Montgomery, Douglas C.|Runger, George C.|Hubbele, Norma Faris |
| 250 ## - EDITION STATEMENT | |
| Edition statement | 5th |
| 260 ## - PUBLICATION, DISTRIBUTION, ETC. (IMPRINT) | |
| Place of publication, distribution, etc | Hoboken,USA: |
| Name of publisher, distributor, etc | John Wiley & Sons Inc., |
| Date of publication, distribution, etc | 2012 |
| 300 ## - PHYSICAL DESCRIPTION | |
| Extent | 515 p. |
| 546 ## - LANGUAGE NOTE | |
| Language note | EN |
| 700 ## - ADDED ENTRY--PERSONAL NAME | |
| Personal name | Hubbele, Norma Faris |
| 700 ## - ADDED ENTRY--PERSONAL NAME | |
| Personal name | Runger, George C. |
| 942 ## - ADDED ENTRY ELEMENTS (KOHA) | |
| Koha item type | Books |
| Withdrawn status | Lost status | Source of classification or shelving scheme | Damaged status | Not for loan | Home library | Current library | Date acquired | Total Checkouts | Full call number | Barcode | Date last seen | Date checked out | Price effective from | Koha item type |
|---|---|---|---|---|---|---|---|---|---|---|---|---|---|---|
| Dewey Decimal Classification | UMT Main Campus | UMT Main Campus | 2015-12-04 | 1 | 519.502462 MON-E | 96257 | 2024-07-04 | 2021-03-09 | 2015-12-05 | Books | ||||
| Dewey Decimal Classification | UMT Main Campus | UMT Main Campus | 2015-12-12 | 1 | 519.502462 MON-E | 96258 | 2021-03-11 | 2021-03-09 | 2015-12-12 | Books | ||||
| Dewey Decimal Classification | UMT Main Campus | UMT Main Campus | 2015-12-12 | 1 | 519.502462 MON-E | 96259 | 2024-07-30 | 2024-07-22 | 2015-12-12 | Books |
